000 00581 a2200181 4500
020 _a9812530924
020 _a9789812530929
090 _c2092
_d2092
100 1 _aKaplan, Jack M.
245 1 0 _aPatterns of entrepreneurship /
_cJack M. Kaplan.
250 _a1ST ed.
260 _a[S.l.] :
_bWiley,
_c2003.
300 _a480 p.
500 _aPaperback.
856 4 0 _3Amazon.com
_uhttp://www.amazon.com/exec/obidos/ASIN/9812530924/chopaconline-20
856 4 0 _3Amazon customer reviews
_uhttp://www.chopac.org/cgi-bin/tools/azrev.pl?q=9812530924
942 _aNBS
_cBK
_k658.1,1 KAP
999 _c344595
_d344595